Statistics for All Cuphead Bosses By Level Title

Click here to take the quiz!

General Stats

  • This quiz has been taken 25 times
  • The average score is 17 of 19

Answer Stats

HintAnswer% Correct
All The Bets Are OffKing Dice
96%
One Hell Of A TimeThe Devil
96%
Botanic PanicThe Root Pack
96%
Sugarland ShimmyBaroness Von Bon Bon
92%
Carnival KerfuffleBeppi The Clown
92%
Floral FuryCagney Carnation
92%
Hi Seas- Hi JinxCala Maria
92%
Ruse Of An OozeGoopy Le Grande
92%
Threatenin’ ZeppelinHilda Berg
92%
Clip Joint CalamityRibby And Croaks
92%
Pyramid PerilDjimmi The Great
88%
Junkyard JiveDr. Kahl’s Robot
88%
Fiery FrolicGrim Matchstick
88%
Railroad WrathPhantom Express
88%
Dramatic FanaticSally Stageplay
88%
Aviary ActionWally Warbles
88%
Shootin ‘n’ LootinCaptain Brineybeard
83%
Murine CorpsWerner Werman
83%
Honeycomb HeraldRumor Honeybottoms
79%

Score Distribution

Percentile by Number Answered

Percent of People with Each Score

Your Score History

You have not taken this quiz